000
00264nam a2200121 a 4500
008
111026s2000|||| d
100
1
_a
Krumlovská, Olga
245
1
0
_a
Joga prstov
260
_b
Ottovo
_a
Praha
_c
2000
020
_c
20
041
_a
slo
044
_a
CZ
999
_c
19844
_d
19844